000 00744nam a2200217Ii 4500
003 JO-AjNU
008 230605s9999||||xx |||||||||||||| ||und||
017 _a1985/12/581
040 _aJO-AjNU
_bara
_erda
_cJO-AjNU
041 _aara
050 1 4 _aGV837.A9 1987
100 3 _aالعياش، فيصل؛ م. مشارك علي الدويري، م. مشارك هاني الربضي,
_eauthor
_957021
245 0 0 _aالمبادىء الأساسية لتعليم السباحة
250 _aط1
264 3 1 _aاربد: الاردن: دار الامل، 1987
300 _a125ص
336 _atext
_btxt
_2rdacontent
337 _aunmediated
_bn
_2rdamedia
338 _avolume
_bnc
_2rdacarrier
650 4 _aالسباحة - تعليم
_957022
999 _aA25528
_c29096
_d29096